America, **** Yeah Lyrics - Sudden Death - Statistics

General Stats
  • This quiz has been taken 111 times
  • The average score is 11 of 24
Answers on the Grid
Answers color-coded by a green-red scale on the quiz's grid according to % correct below.
McDonald's
Walmart
The Gap
Baseball
The NFL
Rock 'n' Roll
The Internet
Slavery
Starbucks
Disney World
Valium
Reeboks
Sushi
Taco Bell
Rodeos
Bed, Bath and Beyond
Liberty
Wax Lips
The Alamo
Band-Aids
Las Vegas
Christmas
Immigrants
Popeye
Soccer
William Shatner
Alferd Packer
Catholics
Croissants
Maple Syrup
Boomerangs
Pokémon
Spitfires
Shish Kebabs
Pyramids
Elephants
 
Answer Stats
Answer % Correct
McDonald's
67%
The NFL
67%
Disney World
65%
Rock 'n' Roll
65%
Walmart
64%
Slavery
62%
Baseball
61%
Taco Bell
61%
Liberty
58%
Starbucks
58%
The Internet
53%
Las Vegas
50%
The Alamo
48%
Rodeos
47%
Christmas
45%
Immigrants
45%
Bed, Bath and Beyond
38%
Popeye
30%
Band-Aids
27%
The Gap
27%
Reeboks
26%
Wax Lips
26%
Sushi
20%
Valium
20%
No matching quizzes found
Score Distribution
Percent of People with Each Score
Percentile by Number Answered
Your Score History
You have not taken this quiz